Experience into words / (Record no. 53913)

MARC details
000 -LEADER
fixed length control field 00395nam a2200145Ia 4500
005 - DATE AND TIME OF LATEST TRANSACTION
control field 20260430133752.0
008 - FIXED-LENGTH DATA ELEMENTS--GENERAL INFORMATION
fixed length control field 260429s9999||||xx |||||||||||||| ||und||
020 ## - INTERNATIONAL STANDARD BOOK NUMBER
International Standard Book Number 9780521285438
082 ## - DEWEY DECIMAL CLASSIFICATION NUMBER
Classification number 821.009
Item number HAR
100 ## - MAIN ENTRY--PERSONAL NAME
Personal name Harding, D. W.
245 #0 - TITLE STATEMENT
Title Experience into words /
Statement of responsibility, etc D. W. Harding
260 ## - PUBLICATION, DISTRIBUTION, ETC. (IMPRINT)
Place of publication, distribution, etc Cambridge :
Name of publisher, distributor, etc Cambridge University Press,
Date of publication, distribution, etc 1963.
300 ## - PHYSICAL DESCRIPTION
Extent 199 p.; pbk
942 ## - ADDED ENTRY ELEMENTS (KOHA)
Koha item type Text Books
Holdings
Withdrawn status Lost status Damaged status Not for loan Home library Location Shelving location Date of Cataloging Source of acquisition Total Checkouts Full call number Barcode Date last seen Price effective from Koha item type
        CUTN Central Library CUTN Central Library Literature 30/04/2026 Gratis   821.009 HAR 55901 30/04/2026 30/04/2026 Text Books